[Event "Valby K41 op 0910"]
[Site "Valby"]
[Date "2009.12.01"]
[Round "3"]
[White "Petersen, Steen Brustrup"]
[Black "Ottosen, Peder"]
[Result "1-0"]
[WhiteElo "2130"]
[BlackElo "2033"]
[PlyCount "81"]
[EventDate "2009.11.03"]
[EventType "swiss"]
[EventRounds "9"]
[EventCountry "DEN"]
[SourceTitle "EXT 2018"]
[Source "ChessBase"]
[SourceDate "2017.10.13"]
[SourceVersion "1"]
[SourceVersionDate "2017.10.13"]
[SourceQuality "1"]

1. e4 c5 2. Nf3 e6 3. d3 Nc6 4. g3 g6 5. d4 cxd4 6. Nxd4 a6 7. Be3 Bg7 8. Bg2 Nge7 9. c4 0-0 10. Nc3 Ne5 11. b3 b5 12. f4 b4 13. Na4 N5c6 14. 0-0 Bb7 15. Rc1 Rc8 16. Nc2 d6 17. Bb6 Qe8 18. Qxd6 Rb8 19. Qd3 a5 20. Rcd1 f5 21. e5 Nxe5 22. fxe5 Bxg2 23. Kxg2 Qc6+ 24. Qf3 Rxb6 25. Nxb6 Qxb6 26. Rd6 Qc5 27. Rxe6 Kf7 28. Rd6 Bxe5 29. Rd7 Ke6 30. Rfd1 f4 31. Rd8 Rf6 32. Nd4+ Kf7 33. g4 Bc7 34. Rd7 Ke8 35. Nb5 Be5 36. Qa8+ Kf7 37. Qd5+ Qxd5+ 38. cxd5 Ke8 39. Rxe7+ Kxe7 40. Re1 Rb6 41. Rxe5+ 1-0

[Event "Valby K41 Autumn-A"]
[Site "Valby"]
[Date "2009.10.27"]
[Round "7"]
[White "Gjedde, Thomas"]
[Black "Ottosen, Peder"]
[Result "1-0"]
[WhiteElo "2026"]
[BlackElo "2068"]
[PlyCount "39"]
[EventDate "2009.09.08"]
[EventType "tourn"]
[EventRounds "7"]
[EventCountry "DEN"]
[SourceTitle "EXT 2023"]
[Source "ChessBase"]
[SourceDate "2022.10.05"]
[SourceVersion "1"]
[SourceVersionDate "2022.10.05"]
[SourceQuality "1"]

1. d4 d5 2. c4 c6 3. Nc3 Nf6 4. e3 e6 5. Nf3 Nbd7 6. Bd3 Bd6 7. 0-0 0-0 8. e4 dxe4 9. Nxe4 Nxe4 10. Bxe4 f5 11. Bd3 e5 12. c5 Bc7 13. Bc4+ Kh8 14. Ng5 Nf6 15. dxe5 Nd5 16. Qh5 h6 17. Nf7+ Rxf7 18. Qxf7 Bxe5 19. Re1 Qc7 20. Qe8+ 1-0

[Event "Valby K41 Autumn-A"]
[Site "Valby"]
[Date "2009.10.20"]
[Round "6"]
[White "Ottosen, Peder"]
[Black "Jorgensen, Kasper Moller"]
[Result "1-0"]
[WhiteElo "2068"]
[BlackElo "2005"]
[PlyCount "67"]
[EventDate "2009.09.08"]
[EventType "tourn"]
[EventRounds "7"]
[EventCountry "DEN"]
[SourceTitle "EXT 2023"]
[Source "ChessBase"]
[SourceDate "2022.10.05"]
[SourceVersion "1"]
[SourceVersionDate "2022.10.05"]
[SourceQuality "1"]

1. d4 Nf6 2. c4 e6 3. Nc3 Bb4 4. e3 b6 5. Bd3 Bb7 6. Nf3 0-0 7. 0-0 d5 8. cxd5 exd5 9. Ne5 Nbd7 10. f4 Ne4 11. Qb3 Bxc3 12. bxc3 c5 13. c4 Nxe5 14. fxe5 dxc4 15. Bxc4 cxd4 16. Bxf7+ Kh8 17. Ba3 Nd2 18. Qd3 Nxf1 19. Rxf1 Qg5 20. e4 Qxe5 21. Bxf8 Rxf8 22. Qa3 Rc8 23. Bc4 Qc5 24. Qxc5 bxc5 25. e5 Bc6 26. e6 h5 27. Rf5 Be8 28. Rf8+ Kh7 29. Bb5 Bxb5 30. Rxc8 c4 31. a4 Bxa4 32. Rxc4 Bb5 33. Rxd4 Kg6 34. Rf4 1-0

[Event "Taastrup Quick Weekend 10th M1"]
[Site "Taastrup"]
[Date "2009.10.04"]
[Round "5"]
[White "Ottosen, Peder"]
[Black "Andersen, Rune Egede"]
[Result "0-1"]
[WhiteElo "2068"]
[BlackElo "2026"]
[PlyCount "56"]
[EventDate "2009.10.02"]
[EventType "tourn"]
[EventRounds "5"]
[EventCountry "DEN"]
[SourceTitle "EXT 2023"]
[Source "ChessBase"]
[SourceDate "2022.10.05"]
[SourceVersion "1"]
[SourceVersionDate "2022.10.05"]
[SourceQuality "1"]

1. d4 d5 2. c4 dxc4 3. e3 Nf6 4. Bxc4 e6 5. Nf3 c5 6. 0-0 a6 7. a4 Nc6 8. b3 cxd4 9. exd4 Be7 10. Bb2 0-0 11. Qe2 b6 12. Nc3 Nb4 13. Ne5 Nfd5 14. Ne4 Bb7 15. f4 f6 16. Nd3 Qd7 17. Nxb4 Bxb4 18. Bd3 f5 19. Ng5 Rf6 20. Rac1 h6 21. Nh3 Rg6 22. Rf2 a5 23. Bb5 Qd8 24. Bc6 Ba6 25. Qh5 Rg4 26. Ng5 hxg5 27. Bxa8 Qxa8 28. Rfc2 Nxf4 0-1

[Event "Valby K41 Autumn-A"]
[Site "Valby"]
[Date "2009.09.22"]
[Round "3"]
[White "Ottosen, Peder"]
[Black "Hansen, Morten Moller"]
[Result "1/2-1/2"]
[WhiteElo "2068"]
[BlackElo "2124"]
[PlyCount "98"]
[EventDate "2009.09.08"]
[EventType "tourn"]
[EventRounds "7"]
[EventCountry "DEN"]
[SourceTitle "EXT 2023"]
[Source "ChessBase"]
[SourceDate "2022.10.05"]
[SourceVersion "1"]
[SourceVersionDate "2022.10.05"]
[SourceQuality "1"]

1. d4 Nf6 2. c4 e6 3. Nc3 d5 4. cxd5 exd5 5. Bg5 Be7 6. e3 c6 7. Bd3 0-0 8. Nge2 h6 9. Bh4 Nbd7 10. 0-0 Ne8 11. Bg3 Ndf6 12. f3 Nh5 13. Bf2 f5 14. Qb3 Kh8 15. Rae1 Nef6 16. Qc2 Qd7 17. Na4 Bd6 18. g3 Ng8 19. Nc5 Qc7 20. Nf4 Qf7 21. Ng2 b6 22. Nb3 Ne7 23. e4 fxe4 24. fxe4 dxe4 25. Be3 Nf6 26. Bxe4 Ba6 27. Rf2 Qh5 28. Bf3 Qf7 29. Nf4 g5 30. Nd3 Qc4 31. Qxc4 Bxc4 32. Ne5 Bxe5 33. dxe5 Nfd5 34. Bc1 Rf7 35. Nd4 Raf8 36. Ne6 Rc8 37. b3 Ba6 38. Bb2 Nb4 39. Rd1 Nd3 40. Nd8 Rf8 41. Rxd3 Bxd3 42. e6+ Kg8 43. Nf7 Kh7 44. Rd2 Bf5 45. Rd7 Rxf7 46. Be4 Bxe4 47. exf7 Rf8 48. Rxe7 Bd5 49. Rxa7 Rxf7 1/2-1/2

[Event "Politiken Cup 31st"]
[Site "Helsingor"]
[Date "2009.07.26"]
[Round "10"]
[White "Ottosen, Peder"]
[Black "Ask, Josef"]
[Result "1-0"]
[WhiteElo "2087"]
[BlackElo "2191"]
[PlyCount "97"]
[EventDate "2009.07.18"]
[EventType "swiss"]
[EventRounds "10"]
[EventCountry "DEN"]
[SourceTitle "CBM 131 Extra"]
[Source "ChessBase"]
[SourceDate "2009.09.03"]
[SourceVersion "2"]
[SourceVersionDate "2009.09.16"]
[SourceQuality "1"]

1. d4 Nf6 2. c4 g6 3. Nc3 Bg7 4. Nf3 0-0 5. e3 d6 6. Bd3 c5 7. 0-0 Na6 8. d5 e6 9. e4 exd5 10. exd5 h6 11. Re1 Nh7 12. Bf4 g5 13. Be3 g4 14. Nd2 f5 15. Bf4 Nc7 16. Nf1 h5 17. Qc2 Rb8 18. Ng3 Qd7 19. Nxh5 Bd4 20. Re2 Qf7 21. Bxd6 Qxh5 22. Bxc7 Ra8 23. Rae1 Ng5 24. Re7 Bf6 25. R7e2 Bd7 26. Kh1 Rf7 27. Bf4 Raf8 28. Nd1 Bd8 29. Ne3 Rh7 30. Nf1 Nf3 31. gxf3 gxf3 32. Rd2 Qg4 33. Bg3 Qh3 34. Ne3 Rf6 35. Rg1 Kf7 36. Nf1 Rg7 37. Qd1 f4 38. Be4 fxg3 39. fxg3 Qg4 40. Qc2 Ba5 41. Rf2 Qh5 42. Qd1 Qe5 43. Qd3 Bg4 44. Ne3 Bh5 45. Nf5 Rg5 46. Nh4 Rg4 47. Bxf3 Kg7 48. Re2 Qd6 49. Nf5+ 1-0

[Event "Politiken Cup 31st"]
[Site "Helsingor"]
[Date "2009.07.19"]
[Round "2"]
[White "Rantanen, Yrjo A"]
[Black "Ottosen, Peder"]
[Result "1/2-1/2"]
[WhiteElo "2376"]
[BlackElo "2087"]
[PlyCount "129"]
[EventDate "2009.07.18"]
[EventType "swiss"]
[EventRounds "10"]
[EventCountry "DEN"]
[SourceTitle "CBM 131 Extra"]
[Source "ChessBase"]
[SourceDate "2009.09.03"]
[SourceVersion "2"]
[SourceVersionDate "2009.09.16"]
[SourceQuality "1"]

1. e4 c6 2. d4 d5 3. exd5 cxd5 4. c4 Nf6 5. Nc3 Nc6 6. Nf3 Bg4 7. cxd5 Nxd5 8. Qb3 Bxf3 9. gxf3 e6 10. Qxb7 Nxd4 11. Bb5+ Nxb5 12. Qc6+ Ke7 13. Qxb5 Qd7 14. Nxd5+ Qxd5 15. Qxd5 exd5 16. Bf4 Kf6 17. 0-0-0 Rc8+ 18. Kb1 Rd8 19. Rhe1 Bd6 20. Bg3 Bxg3 21. fxg3 Rd7 22. Rd4 Rb8 23. b3 Rb6 24. Rf4+ Kg6 25. Kc2 Re6 26. Rd1 Re3 27. Rd3 Re2+ 28. Rd2 Re3 29. Kd1 f6 30. Re2 Rc3 31. Kd2 Rdc7 32. Ke1 Rc1+ 33. Kf2 Rd1 34. Rg4+ Kf7 35. Ra4 d4 36. f4 d3 37. Ree4 Rc2+ 38. Ke3 Re2+ 39. Kd4 Rxh2 40. f5 d2 41. Rxa7+ Kf8 42. Ra8+ Kf7 43. Rae8 Re1 44. R8e7+ Kf8 45. Rxe1 dxe1Q 46. Rxe1 Rxa2 47. b4 Rf2 48. b5 Rb2 49. Kc4 g6 50. g4 gxf5 51. gxf5 Kg7 52. Re3 h5 53. Rg3+ Kh7 54. Rh3 Kh6 55. Rb3 Rc2+ 56. Kd3 Rc8 57. b6 Kg5 58. b7 Rb8 59. Rb5 Kf4 60. Ke2 Ke4 61. Kf2 Kf4 62. Kg1 Kg3 63. Rb4 h4 64. Kh1 Kh3 65. Rb5 1/2-1/2

[Event "Valby K41 Autumn-A"]
[Site "Valby"]
[Date "2008.10.21"]
[Round "6"]
[White "Hagen, Andreas Skytte"]
[Black "Ottosen, Peder"]
[Result "0-1"]
[WhiteElo "2260"]
[BlackElo "2021"]
[PlyCount "86"]
[EventDate "2008.09.09"]
[EventType "swiss"]
[EventRounds "7"]
[EventCountry "DEN"]
[SourceTitle "EXT 2023"]
[Source "ChessBase"]
[SourceDate "2022.10.05"]
[SourceVersion "1"]
[SourceVersionDate "2022.10.05"]
[SourceQuality "1"]

1. e4 c6 2. d4 d5 3. Nc3 dxe4 4. Nxe4 Bf5 5. Ng3 Bg6 6. h4 h6 7. Nf3 Nd7 8. h5 Bh7 9. Bd3 Bxd3 10. Qxd3 Qc7 11. Bd2 Ngf6 12. 0-0-0 e6 13. Ne4 Nxe4 14. Qxe4 Nf6 15. Qe2 0-0-0 16. g3 Bd6 17. c4 Rhe8 18. c5 Bf8 19. Bf4 Qa5 20. Rd3 Nd5 21. Ra3 Nxf4 22. gxf4 Qc7 23. Rxa7 Kb8 24. Ra3 Qxf4+ 25. Kb1 e5 26. dxe5 Bxc5 27. Rb3 Re7 28. Rc1 Red7 29. a3 Rd5 30. Qc2 Ka8 31. Rc3 Bb6 32. Qe2 Bc7 33. Ka2 Qa4 34. Rg1 Qa5 35. Re3 Bb6 36. Re4 Rd3 37. Qc2 Qd5+ 38. Qc4 Rxf3 39. Rxg7 Rxf2 40. Qxd5 Rxd5 41. Ra4+ Kb8 42. Rg8+ Kc7 43. Raa8 Bd4 0-1

[Event "Valby K41 Spring-B"]
[Site "Valby"]
[Date "2007.05.08"]
[Round "6"]
[White "Ottosen, Peder"]
[Black "Jensen, Soren Holm"]
[Result "1/2-1/2"]
[WhiteElo "2046"]
[BlackElo "2029"]
[PlyCount "99"]
[EventDate "2007.03.13"]
[EventType "tourn"]
[EventRounds "7"]
[EventCountry "DEN"]
[SourceTitle "EXT 2018"]
[Source "ChessBase"]
[SourceDate "2017.10.13"]
[SourceVersion "1"]
[SourceVersionDate "2017.10.13"]
[SourceQuality "1"]

1. d4 d5 2. c4 e6 3. Nc3 Be7 4. Nf3 Nf6 5. Bg5 h6 6. Bh4 0-0 7. e3 b6 8. Bd3 Bb7 9. 0-0 Nbd7 10. Rc1 dxc4 11. Bxc4 c5 12. Qe2 Ne4 13. Nxe4 Bxe4 14. Bg3 Nf6 15. Rfd1 Bd5 16. Ba6 Ne4 17. Bf4 Bf6 18. Ne5 cxd4 19. exd4 Bg5 20. Nc6 Qd7 21. Bxg5 Nxg5 22. Ne5 Qd6 23. Rd3 Be4 24. Rd2 f6 25. h4 Nh7 26. Qxe4 fxe5 27. Qxe5 Rad8 28. Qxd6 Rxd6 29. Rc7 Rf7 30. Rc8+ Nf8 31. f3 Rf4 32. Bc4 Kf7 33. Rc7+ Rd7 34. Rxd7+ Nxd7 35. Re2 Rxd4 36. Bxe6+ Kf6 37. Bxd7 Rxd7 38. Kf2 h5 39. Ke3 Re7+ 40. Kd3 Rd7+ 41. Kc4 a6 42. Kc3 g6 43. Re4 Rd6 44. Ra4 b5 45. Rd4 Rc6+ 46. Kb3 Ke5 47. Re4+ Kf5 48. a3 Rd6 49. Re8 Kf4 50. Re2 1/2-1/2

[Event "Valby K41 op 0607"]
[Site "Valby"]
[Date "2007.02.20"]
[Round "9"]
[White "Eriksson, Christian Altenburg"]
[Black "Ottosen, Peder"]
[Result "1-0"]
[WhiteElo "1985"]
[BlackElo "1983"]
[PlyCount "43"]
[EventDate "2006.11.14"]
[EventType "swiss"]
[EventRounds "9"]
[EventCountry "DEN"]
[SourceTitle "EXT 2018"]
[Source "ChessBase"]
[SourceDate "2017.10.13"]
[SourceVersion "1"]
[SourceVersionDate "2017.10.13"]
[SourceQuality "1"]

1. e4 c5 2. c3 Nf6 3. e5 Nd5 4. d4 cxd4 5. Nf3 e6 6. Bc4 Nb6 7. Bb3 dxc3 8. Nxc3 d5 9. exd6 Bxd6 10. 0-0 0-0 11. a4 Nc6 12. a5 Nd5 13. Nxd5 exd5 14. Bxd5 Nxa5 15. Ng5 Bg4 16. Qxg4 Bxh2+ 17. Kxh2 Qxd5 18. Rd1 Qb5 19. Qe4 Rfe8 20. Qxh7+ Kf8 21. Bf4 Nc4 22. Re1 1-0

[Event "Valby K41 op 0607"]
[Site "Valby"]
[Date "2007.01.09"]
[Round "5"]
[White "Taylor, Ralph Jeffrey"]
[Black "Ottosen, Peder"]
[Result "0-1"]
[WhiteElo "1876"]
[BlackElo "1983"]
[PlyCount "56"]
[EventDate "2006.11.14"]
[EventType "swiss"]
[EventRounds "9"]
[EventCountry "DEN"]
[SourceTitle "EXT 2018"]
[Source "ChessBase"]
[SourceDate "2017.10.13"]
[SourceVersion "1"]
[SourceVersionDate "2017.10.13"]
[SourceQuality "1"]

1. e4 c5 2. Nf3 e6 3. d4 cxd4 4. Nxd4 a6 5. Nc3 Qc7 6. Be3 Bb4 7. Qd2 Nf6 8. f3 d5 9. Bg5 e5 10. Bxf6 gxf6 11. exd5 exd4 12. Qxd4 Qe5+ 13. Qxe5+ fxe5 14. 0-0-0 Bf5 15. Ne2 Nd7 16. Ng3 Bg6 17. Bc4 Rc8 18. Bd3 0-0 19. Bf5 Rcd8 20. a3 Bc5 21. b4 Bd4 22. Bxg6 hxg6 23. Ne4 Nb6 24. c3 Rc8 25. Kd2 Nc4+ 26. Ke2 Ba7 27. Ra1 f5 28. Ng5 Ne3 0-1

[Event "Hillerod NSU op"]
[Site "Hillerod"]
[Date "2007.01.07"]
[Round "4"]
[White "Lilja, Richard"]
[Black "Ottosen, Peder"]
[Result "1/2-1/2"]
[WhiteElo "2069"]
[BlackElo "1983"]
[PlyCount "119"]
[EventDate "2007.01.05"]
[EventType "swiss"]
[EventRounds "5"]
[EventCountry "DEN"]
[SourceTitle "EXT 2018"]
[Source "ChessBase"]
[SourceDate "2017.10.13"]
[SourceVersion "1"]
[SourceVersionDate "2017.10.13"]
[SourceQuality "1"]

1. e4 c6 2. d3 d5 3. Nd2 e5 4. g3 Nf6 5. Bg2 Bg4 6. Ngf3 dxe4 7. dxe4 Nbd7 8. h3 Bh5 9. 0-0 Bc5 10. a4 0-0 11. Qe2 Qc7 12. Nb3 Be7 13. Bd2 Rad8 14. Bc3 b6 15. Rfe1 Ne8 16. Nbd2 f6 17. Nf1 Bf7 18. Ne3 Nd6 19. Nd2 Kh8 20. h4 Nc5 21. Bb4 Ne6 22. Bxd6 Rxd6 23. c3 Nc5 24. Ndc4 Rd7 25. b4 Nxa4 26. Rxa4 b5 27. Ra6 bxc4 28. Rea1 Rd3 29. Rxa7 Qd8 30. Rd1 Be6 31. Bf1 Rxd1 32. Qxd1 Qxd1 33. Nxd1 Bd8 34. Ra6 Bg4 35. Ne3 Bf3 36. Bg2 Be2 37. Rxc6 g5 38. hxg5 fxg5 39. b5 Ba5 40. Nd5 Rb8 41. b6 Bh5 42. Nf6 Bg6 43. Nd7 Rb7 44. Nxe5 Bxb6 45. Nxc4 Ba7 46. Nd6 Rb1+ 47. Bf1 Ra1 48. Kg2 Ra2 49. Be2 Rxe2 50. Rc8+ Kg7 51. Rc7+ Kf6 52. Rxa7 Ke5 53. Nc4+ Ke6 54. Ra6+ Ke7 55. Kf3 Bh5+ 56. g4 Bxg4+ 57. Kxg4 Rxe4+ 58. Kxg5 Rxc4 59. Ra3 Kf7 60. f4 1/2-1/2

[Event "Valby K41 Autumn op"]
[Site "Valby"]
[Date "2006.10.10"]
[Round "5"]
[White "Laursen, Niels Norskov"]
[Black "Ottosen, Peder"]
[Result "1-0"]
[WhiteElo "2147"]
[BlackElo "2039"]
[PlyCount "39"]
[EventDate "2006.09.12"]
[EventType "swiss"]
[EventRounds "7"]
[EventCountry "DEN"]
[SourceTitle "EXT 2018"]
[Source "ChessBase"]
[SourceDate "2017.10.13"]
[SourceVersion "1"]
[SourceVersionDate "2017.10.13"]
[SourceQuality "1"]

1. e4 c5 2. Nf3 e6 3. d4 cxd4 4. Nxd4 a6 5. Nc3 Qc7 6. Bd3 Nf6 7. 0-0 Bc5 8. Nb3 Be7 9. f4 d6 10. a4 b6 11. e5 Nfd7 12. exd6 Bxd6 13. Ne4 Be7 14. f5 exf5 15. Bf4 Qc6 16. Nd4 Qd5 17. Nxf5 Nc6 18. Ned6+ Kf8 19. Be4 Qxd1 20. Raxd1 1-0

[Event "Valby K41 Autumn op"]
[Site "Valby"]
[Date "2006.09.12"]
[Round "1"]
[White "Ottosen, Peder"]
[Black "Nielsen, Michael1111"]
[Result "1-0"]
[WhiteElo "2039"]
[BlackElo "2124"]
[PlyCount "69"]
[EventDate "2006.09.12"]
[EventType "swiss"]
[EventRounds "7"]
[EventCountry "DEN"]
[SourceTitle "EXT 2018"]
[Source "ChessBase"]
[SourceDate "2017.10.13"]
[SourceVersion "1"]
[SourceVersionDate "2017.10.13"]
[SourceQuality "1"]

1. d4 e6 2. c4 d5 3. Nc3 Nf6 4. cxd5 exd5 5. Bg5 Be7 6. e3 c6 7. Bd3 Nbd7 8. Nge2 h6 9. Bh4 Ne4 10. Bxe7 Qxe7 11. Bxe4 dxe4 12. Ng3 0-0 13. Ngxe4 f5 14. Nd2 Nf6 15. 0-0 Be6 16. Qa4 Nd5 17. Nxd5 Bxd5 18. Rae1 Qg5 19. f3 Rae8 20. Qa3 Re6 21. Rf2 Rfe8 22. Rfe2 Rg6 23. Qd3 a5 24. e4 fxe4 25. fxe4 Bf7 26. Nf3 Qd8 27. Qc3 Qb6 28. a3 Rge6 29. Nh4 Qb5 30. Nf5 Bg6 31. d5 Re5 32. Nd6 Qb6+ 33. Kh1 cxd5 34. Nxe8 d4 35. Qc7 1-0

[Event "Copenhagen K41 Aabent-ch 0506"]
[Site "Copenhagen"]
[Date "2006.01.24"]
[Round "6"]
[White "Thygesen, Morten"]
[Black "Ottosen, Peder"]
[Result "0-1"]
[WhiteElo "1879"]
[BlackElo "1957"]
[PlyCount "136"]
[EventDate "2005.11.15"]
[EventType "swiss"]
[EventRounds "9"]
[EventCountry "DEN"]
[SourceTitle "EXT 2023"]
[Source "ChessBase"]
[SourceDate "2022.10.05"]
[SourceVersion "1"]
[SourceVersionDate "2022.10.05"]
[SourceQuality "1"]

1. e4 c5 2. Nf3 e6 3. c3 d5 4. Bb5+ Nc6 5. exd5 exd5 6. 0-0 Bd6 7. d4 Nge7 8. Be3 Nf5 9. Bg5 f6 10. Re1+ Kf7 11. dxc5 Bxc5 12. Bxc6 bxc6 13. Ne5+ Kg8 14. Qh5 g6 15. Nxg6 Ng7 16. Qf3 hxg6 17. Bxf6 Bg4 18. Bxd8 Bxf3 19. Bf6 Bg4 20. b4 Bd6 21. h3 Bf5 22. Nd2 Kf7 23. Bd4 a6 24. Nf3 Rhc8 25. g4 Bd7 26. Be5 Bf8 27. Ng5+ Kg8 28. c4 Ne6 29. Nf3 Bxb4 30. Red1 Rf8 31. Rab1 Bc5 32. Rb3 Nf4 33. Ng5 Rae8 34. Bb2 Bxf2+ 35. Kh1 Rb8 36. Be5 Rxb3 37. axb3 d4 38. Bxd4 Bxd4 39. Rxd4 Bc8 40. Rd6 Kg7 41. Kh2 Kh6 42. Ne4 Re8 43. g5+ Kg7 44. Rxc6 Nxh3 45. Rc7+ Kf8 46. Rxc8 Rxc8 47. Kxh3 Kf7 48. Kg4 Ke6 49. Kf4 Rc7 50. Nc3 Rb7 51. Ne2 Kd6 52. Ke4 Rxb3 53. Nf4 a5 54. Kd4 Rg3 55. c5+ Kc6 56. Nxg6 Rg4+ 57. Kc3 Rxg5 58. Nf4 Rxc5+ 59. Kb3 Kb5 60. Ne2 a4+ 61. Ka3 Rc4 62. Kb2 Kb4 63. Nc1 a3+ 64. Ka2 Rc2+ 65. Kb1 Rh2 66. Na2+ Kc4 67. Nc1 Kd4 68. Ka1 Rh1 0-1